000 00384 a2200169 4500
001 188253
020 _a85-08-07427-1
040 _cMagnum
100 _aRagache, Gilles
240 1 0 _aTerras de mistério: mitos e lendas
_lpor
245 1 0 _aTerras de mistério: mitos e lendas
300 _a47
362 0 _a2003
440 1 _aÁtica
697 _aHISTÓRIA GERAL
942 _cBK
999 _c188253
_d188253